000 00580nam a22002057a 4500
999 _c19268
_d19268
003 AR-CdUCM
008 190517b ||||| |||| 00| 0 spa d
040 _aMUNICIPALIDAD PROVINCIAL DEL CUSCO
_cBIBLIOTECA MUNICIPAL DEL CUSCO
082 _a985.61 /
_bC74
100 _aConcha T., M. Salustio
_940510
245 _aLos Wayoqharis /
260 _aCusco :
300 _a180 páginas ;
_c22 cm.
505 _aContenido: Cuentos y poesía,
650 _aCuentos
_9217
650 _aPoesía
_9139
650 _aUrubamba
_91753
942 _2ddc
_cLIBROS
945 _adavv
_d2019-05-17